header

Depressive disorders (Record no. 62049)

MARC details
000 -LEADER
fixed length control field 01414nam a2200361Ia 4500
082 04 - DEWEY DECIMAL CLASSIFICATION NUMBER
Classification number 616.85/27
245 00 - TITLE STATEMENT
Title Depressive disorders
250 ## - EDITION STATEMENT
Edition statement 3rd ed.
260 ## - PUBLICATION, DISTRIBUTION, ETC. (IMPRINT)
Place of publication Chichester, West Sussex, UK ;
-- Hoboken, NJ :
Name of publisher John Wiley & Sons,
Year of publication 2009.
300 ## - PHYSICAL DESCRIPTION
Number of Pages xx, 338 p. :
Other physical details ill.
490 1# - SERIES STATEMENT
Series statement WPA series evidence and experience in psychiatry
650 #0 - SUBJECT ADDED ENTRY--TOPICAL TERM
Topical Term Depression, Mental.
Topical Term Affective disorders.
700 1# - ADDED ENTRY--PERSONAL NAME
Personal name Herrman, Helen.
Personal name Maj, Mario,
Personal name Sartorius, N.
856 40 - ELECTRONIC LOCATION AND ACCESS
Uniform Resource Identifier http://site.ebrary.com/lib/rucke/Doc?id=10310596

No items available.

© 2026 Rongo University
Contact us: librarian | system librarian | Rongo university